000 00307nam a2200121Ia 4500
008 190216s9999||||xx |||||||||||||| ||und||
100 _aNeil Campbell Obe
245 0 _aIncrease Your Wordpower
260 _bParichay Overseas New Delhi
_c1978
300 _a128p
650 _aEnglish Literature
942 _cBK
999 _c12866
_d12866